Forensic DNA analysis: A laboratory manual (Record no. 159389)

MARC details
000 -LEADER
fixed length control field 00381nam a2200145Ia 4500
008 - FIXED-LENGTH DATA ELEMENTS--GENERAL INFORMATION
fixed length control field 230917s9999||||xx |||||||||||||| ||und||
040 ## - CATALOGING SOURCE
-- 197337
Original cataloging agency VIVEKANANDA LIBRARY
041 ## - Language
-- English
082 ## - DDC NUMBER
Classification number 362.256 M132F
100 ## - MAIN ENTRY--PERSONAL NAME
Personal name McClintock, J Thomas
245 #0 - TITLE STATEMENT
Title Forensic DNA analysis: A laboratory manual
260 ## - PUBLICATION, DISTRIBUTION, ETC. (IMPRINT)
Place of publication, distribution, etc Boca Raton
Name of publisher, distributor, etc CRC Press
Date of publication, distribution, etc 2008
300 ## - PHYSICAL DESCRIPTION
Pages xiii, 161 p.
942 ## - ADDED ENTRY ELEMENTS (KOHA)
Koha item type Books
Holdings
Withdrawn status Lost status Damaged status Not for loan Location (home branch) Sublocation or collection (holding branch) Date acquired Koha issues (times borrowed) Koha full call number Accession No. Koha date last seen Koha item type
        VIVEKANANDA LIBRARY VIVEKANANDA LIBRARY 19/03/2012   362.256 M132F 292378 17/09/2023 Books
© Designed and Maintained by Vivekananda Library, MDU Rohtak